| 000 | 00338cam a22001217a 4500 | ||
|---|---|---|---|
| 008 | 180718b1965 xxu||||| |||| 00| 0 eng d | ||
| 082 | _aT41x42 Ar98 | ||
| 100 | _aArtis, Michael J. | ||
| 245 |
_aFoundations of British monetary policy _cby Michael J. Artis |
||
| 260 |
_aOxford _bBlackwell _c1965 |
||
| 300 | _a114p. | ||
| 650 | _aMoney - U.K. | ||
| 999 |
_c358432 _d358432 |
||